01335cam a2200325 a 4500999001500000001000900015003000600024005001700030008004100047010001600088020002000104020002300124020001500147035002000162040004600182050002300228082002000251092001800271100005100289245007900340260004700419300002100466504006600487520022700553600002900780650003300809700002100842942001200863952013400875 c6377d637729359705OCoLC20190116184709.0931101s1994 tnu b 000 0 eng  a 93042372 a0785282610 (hc) a9780785282617 (hc) a078527040X a(OCoLC)29359705 aDLCcDLCdBTCTAdBAKERdYDXCPdOCLCGdCKL00aBT304.3b.K46 199400a232.9220bK35W a232.904bK3531 aKennedy, D. Jamesq(Dennis James),d1930-2007.10aWhat if Jesus had never been born? /cD. James Kennedy and Jerry Newcombe. aNashville :bT. Nelson Publishers,cc1994. a275 p. ;c24 cm. aIncludes bibliographical references (p. [247]-269) and index. aIncludes material on Christian influence on the value of human life, helping the poor, education, the founding of America, civil liberties, science, economics, sex, family life, health, medicine, morality, arts, and music.00aJesus ChristxInfluence. 0aChurch historyxMiscellanea.1 aNewcombe, Jerry. 2ddccBK 00102ddc40708NFICaHMCbHMCcGENd2019-01-16g1350.00l1o232.9 K35Wp006930r2026-03-06 06:53:38s2026-01-30w2019-01-16yBK